| 000 | 00666nam a2200265Ia 4500 | ||
|---|---|---|---|
| 008 | 171025s9999 xx 000 0 und d | ||
| 020 | _a866412204 | ||
| 050 | _a658.15 | ||
| 050 | _bC682 1992 | ||
| 100 | _aCokins, Gary | ||
| 245 | 3 | _aAn ABC manager's primer : | |
| 245 | _bstraight talk on activity-based costing / | ||
| 245 | _cby Gary Cokins. | ||
| 260 | _aNew York : | ||
| 260 | _bMcGraw-Hill, | ||
| 260 | _c1992 | ||
| 300 | _a64 pages : | ||
| 300 | _billustrations ; | ||
| 300 | _c28cm. | ||
| 500 | _aIncludes appendix. | ||
| 650 | _aActivitu-based costing. | ||
| 700 | _aHelbling, Jack. | ||
| 700 | _aStratton, Alan. | ||
| 700 | _aTitle. | ||
| 999 |
_c344873 _d344873 |
||